| 000 | 00441nam a2200181Ia 4500 | ||
|---|---|---|---|
| 001 | 9517 | ||
| 005 | 20260306161724.0 | ||
| 008 | 260306t1993||||xx |||||||||||||| ||spa|| | ||
| 041 | _aESP | ||
| 082 |
_a379.85 _bT78 |
||
| 100 |
_aTrahtemberg S., León _eAUT |
||
| 245 | 0 |
_aEducación peruana: _bun drama en ocho actos |
|
| 260 | _c1993 | ||
| 300 |
_a146 páginas, : _c28 cm. |
||
| 650 | _aGEN | ||
| 654 | _aCED | ||
| 942 |
_cLIB _dJUS _fJUS _2ddc _n |
||
| 999 |
_c9517 _d9517 |
||